Οι λαϊκοί χοροί ένας ζωντανός δεσμός με το παρελθόν
Αποθηκεύτηκε σε:
| Κύριος συγγραφέας: | |
|---|---|
| Άλλοι συγγραφείς: | , |
| Μορφή: | Βιβλίο |
| Γλώσσα: | Greek |
| Δημοσίευση: |
Αθήνα :
Αγγελος Αθ. Κλεισιούνης,
1966
|
| Θέματα: | |
| Ετικέτες: |
Προσθήκη ετικέτας
Δεν υπάρχουν, Καταχωρήστε ετικέτα πρώτοι!
|
MARC
| LEADER | 00000nam a2200000 i 4500 | ||
|---|---|---|---|
| 001 | 1/79048 | ||
| 008 | 960822s1966 gre d | ||
| 035 | |a 1993 |b 1 |c Μικιόζος |l 10033081 | ||
| 040 | |a GR-MY-UA |b gre |e aacr | ||
| 041 | 0 | |a gre | |
| 082 | 0 | |a 793.319495 | |
| 100 | 1 | |a Στράτου, Δόρα Ν. |d 1903-1988. | |
| 245 | 1 | 3 | |a Οι λαϊκοί χοροί ένας ζωντανός δεσμός με το παρελθόν / |c Δόρα Στράτου ; φωτογραφίες θεμάτων αρχαίων αγγείων και τοπικών ενδυμασιών Ινώ Ιωαννίδου - Λενιώ Μπαρτζιώτου ; διάταξη εικόνων και μακέττα εξωφύλλου Σπύρος Βασιλείου |
| 260 | |a Αθήνα : |b Αγγελος Αθ. Κλεισιούνης, |c 1966 | ||
| 300 | |a 40 σ. |b εικ. | ||
| 650 | 0 | 0 | |a Dance |x Folklore |z Greece. |
| 650 | 0 | 0 | |a Folk dancing, Greek. |
| 650 | 0 | 0 | |a Costume |z Greece. |
| 700 | 1 | |a Ιωαννίδου, Ινώ. |4 pht | |
| 700 | 1 | |a Μπαρτζιώτου, Λενιώ. |4 pht | |
| 852 | |a INST |b RHODES |e 19960822 |h 793.319495 ΣΤΡ |p 005400009671 |q 005400009671 |t BK |y 0 | ||
| 909 | |a Ρ |b 026090 | ||
| 922 | |a 4ΕΛΗ |b 199302 |c ΜΙΚΙΟΖΟΣ | ||
| 970 | |a ΧΟΡΟΖΙΔΟΥ |b ΤΖΕΝΗ |z 1999/11/05 | ||